000 00854nac a22002657a 4500
001 BR6005965
003 BR-BrBNA
005 20240105113140.0
008 230509b bl.|||m| |||| 00| 0 por d
040 _aBR-BrBNA
_bpor
_cBiblioteca Nacional de Agricultura
072 _aE10; U10
090 _a9410 BR6005965
100 1 _aPinheiro, F.A.
100 1 _aEngler, J.J. de C.
110 1 _aEscola Superior de Agricultura Luiz de Queiroz, Piracicaba, SP (Brasil)
245 1 _aAnalise da oferta de leite no Brasil
260 3 _aPiracicaba, SP (Brasil):
_c1974.
300 _a43 p.
490 _aSerie Pesquisa - Escola Superior de Agricultura Luiz de Queiroz (Brazil)
_vno. 27
_xISSN 0100-5200
650 _aLEITE
650 _aOFERTA
650 _aMODELO MATEMATICO
909 _a202312
_bLúcia Elande
_c55
_dLúcia Elande
942 _2AGRIS
_n0
_cMS
999 _c262150
_d262150